(Record no. 183879)
[ view plain ]
| 000 -CABECERA | |
|---|---|
| campo de control de longitud fija | 00359nam a2200121Ia 4500 |
| 001 - NÚMERO DE CONTROL | |
| campo de control | IA_4448,08/10/2007,31/08/2011,0000001984 mx A 0000000000spa00," |
| 008 - DATOS DE LONGITUD FIJA--INFORMACIÓN GENERAL | |
| campo de control de longitud fija | 220117s xx 000 0 und d |
| 010 ## - NÚMERO DE CONTROL DE LA BIBLIOTECA DEL CONGRESO | |
| Número de control de LC | 183879 |
| 090 ## - LOCALMENTE ASIGNADO TIPO-LC NÚMERO DE CLASIFICACIÓN (OCLC); NÚMERO DE CLASIFICACIÓN LOCAL (RLIN) | |
| Número de clasificación (OCLC) (R) ; Numero de clasificación, CALL (RLIN) (NR) | Folleto 2366 |
| 100 ## - ENTRADA PRINCIPAL--NOMBRE DE PERSONA | |
| Nombre de persona | Piña Razo |
| 9 (RLIN) | 155897 |
| 650 ## - PUNTO DE ACCESO ADICIONAL DE MATERIA--TÉRMINO DE MATERIA | |
| Término de materia o nombre geográfico como elemento de entrada | Chile Habanero |
| Subdivisión general | Cultivo |
| 9 (RLIN) | 147852 |
No items available.
